Hoffmannovy povídky /

Hlavní autor: Barbier, Jules, 1825-1901
Další autoři: Offenbach, Jacques, 1819-1880, Carré, Michel, 1822-1872, Bachtík, Josef, 1901-1971, Vonásek, Rudolf, 1914-1995
Jazyk: Čeština
Vydáno: Praha : SNKLHU, 1959
Vydání: 1. vyd.
Edice: Operní libreta. sv. 19
Fyzický popis: 113, [1] s. ; 8°
Knihy
Uloženo v:
LEADER 01393nam a22003492a 4500
001 000176792
003 CZ BrMZK
005 20100309201324.0
007 ta
008 970107s1959 xr f cze d
015 |a cnb000513468 
035 |a (OCoLC)85322148 
040 |a ABA001  |b cze  |c ULG001  |d ABA001 
041 1 |a cze  |h fre 
080 9 |a 840-293.1 
100 1 |a Barbier, Jules,  |d 1825-1901  |7 jn20020618016  |4 aut 
245 1 0 |a Hoffmannovy povídky /  |c opera o 3 jednáních s prologem a epilogem na text J. Barbiera a M. Carré ; [hudbu složil] Jacques Offenbach ; přeložil Rudolf Vonásek ; úvodní stať napsal Josef Bachtík 
250 |a 1. vyd. 
260 |a Praha :  |b SNKLHU,  |c 1959 
300 |a 113, [1] s. ;  |c 8° 
490 1 |a Operní libreta. Ř. 2 ;  |v sv. 19 
500 |a Noty 
500 |a 5000 výt. 
700 1 |a Offenbach, Jacques,  |d 1819-1880  |7 jn19990006230  |4 cmp 
700 1 |a Carré, Michel,  |d 1822-1872  |7 jn19990001342  |4 lbt 
700 1 |a Bachtík, Josef,  |d 1901-1971  |7 jk01010559  |4 wfw 
700 1 |a Vonásek, Rudolf,  |d 1914-1995  |7 jk01150562  |4 trl 
830 0 |a Operní libreta.  |n Řada 2 ;  |v sv. 19 
910 |a BOA001  |b 1-0411.185  |b PK-A-0005.914 
990 |a BK 
996 6 |b 2619422371  |c 1-0411.185  |l MZK  |r Sklad / do 1 hodiny  |n 3  |w 000176792  |u 000020  |a 1  |e BOA001  |j MZK50  |s P 
996 7 |b 3119944091  |c PK-A-0005.914  |l MZK  |r Sklad / do 1 hodiny  |n 6  |w 000176792  |u 000010  |a 1  |e BOA001  |j MZK50  |s A